El reencantamiento del mundo

Сохранить в:
Библиографические подробности
Главный автор: Berman, Morris (Автор)
Формат:
Язык:испанский
Опубликовано: Santiago Cuatro Vientos 1987
Редактирование:1a. ed
Предметы:
Метки: Добавить метку
Нет меток, Требуется 1-ая метка записи!

MARC

LEADER 00000cam a2200000 a 4500
001 UCU1836
003 CL-VaPUC
008 960412e19870000CL |||||||||||||||||spa|d
020 |a 8489333203 
082 0 4 |a 501  |b BER  |2 21 
100 0 |a Berman, Morris  |e author  |9 357623 
245 1 3 |a El reencantamiento del mundo 
250 |a 1a. ed 
300 |a 343 p 
942 |c BK 
945 |d 19960412 00:00:00  |a aalvarez 
260 |a Santiago  |b Cuatro Vientos  |c 1987 
650 0 |a Filosofía de las ciencias  |9 256466 
650 0 |a Metafísica  |9 265649 
583 |a last modification  |c 20160726 05:39:35  |k Rodrigo Vera 
999 |c 246314  |d 246312 
952 |0 0  |1 0  |4 0  |6 501_000000000000000_BER_1987  |7 0  |8 A  |9 261178  |a BIBTEO  |b BIBTEO  |d 2019-11-19  |i 3182681  |o 501 BER 1987  |p 3182681  |r 2025-01-17  |w 2019-11-19  |y BK  |k ICR 
952 |0 0  |1 0  |4 0  |6 501_000000000000000_BER_1987  |7 0  |8 A  |9 261179  |a BIBEDU  |b BIBEDU  |d 2019-11-19  |i 3263010  |o 501 BER 1987  |p 3263010  |r 2019-11-19  |w 2019-11-19  |y BK  |k FIL 
952 |0 0  |1 0  |3 erb  |4 0  |6 501_000000000000000_BER_1987  |7 0  |8 A  |9 261180  |a BIBHIS  |b BIBHIS  |e Villagrán Garnham, Jorge  |i 5317908  |o 501 BER 1987  |p 5317908  |r 2025-01-20  |w 2019-11-19  |y BK  |z Catalogado en:20160731  |k HIS